|
|
|
|
| LEADER |
00000naa2a2200000 4500 |
| 001 |
248148 |
| 005 |
20231031212345.0 |
| 035 |
|
|
|a (RuTPU)RU\TPU\book\269833
|
| 035 |
|
|
|a RU\TPU\book\269832
|
| 090 |
|
|
|a 248148
|
| 100 |
|
|
|a 20140117d2011 k y0rusy50 ca
|
| 101 |
0 |
|
|a rus
|
| 102 |
|
|
|a RU
|
| 200 |
1 |
|
|a Взаимодействие уголовно-исполнительной системы с муниципальным образованием по трудовой адаптации осужденных и освобожденных из мест лишения свободы на примере города Новокузнецка
|f М. А. Чекуров
|g науч. рук. К. В. Косарев
|
| 225 |
1 |
|
|a Актуальные проблемы общества (социальный аспект)
|
| 320 |
|
|
|a Библиогр.: с. 116 (3 назв.)
|
| 461 |
|
1 |
|0 (RuTPU)RU\TPU\book\251726
|t Исследования молодых - регионам
|o сборник трудов I Всероссийской научно-практической конференции, 29-31 марта 2011 г., г. Томск
|f Национальный исследовательский Томский политехнический университет (ТПУ), Новокузнецкий филиал (НФ); под ред. С. И. Каковихиной
|d 2011
|
| 463 |
|
0 |
|0 (RuTPU)RU\TPU\book\250366
|y 978-5-98298-906-2
|t Т. 1
|v C. 114-116
|d 2011
|p 340 с.
|
| 610 |
1 |
|
|a уголовно-исполнительная система
|
| 610 |
1 |
|
|a муниципальное образование
|
| 610 |
1 |
|
|a трудовая адаптация
|
| 610 |
1 |
|
|a осужденные
|
| 610 |
1 |
|
|a места лишения свободы
|
| 610 |
1 |
|
|a Новокузнецк
|
| 610 |
1 |
|
|a Кемеровская область
|
| 700 |
|
1 |
|a Чекуров
|b М. А.
|
| 702 |
|
1 |
|a Косарев
|b К. В.
|4 727
|
| 801 |
|
1 |
|a RU
|b 63413507
|c 20131111
|
| 801 |
|
2 |
|a RU
|b 63413507
|c 20140117
|g RCR
|
| 942 |
|
|
|c BK
|